000 00443nam a22001697a 4500
005 20240902131823.0
008 240902b |||||||| |||| 00| 0 eng d
020 _a978-81-312-5773-9
041 _aeng
082 _a612 HAL
100 _aHALL, JOHN E. AND HALL, MICHEL E.
_98490
245 _aGUYTON AND HALL TEXT BOOK OF MEDICAL PHYSIOLOGY
260 _aHARYANA
_bELSEVIER
_c2021
300 _a1011;P
650 _aBMLT
_98487
942 _cBK
999 _c8622
_d8620